KOHA-Header-6

Customer Relationship Management (Record no. 9283)

000 -LEADER
fixed length control field 00268nam a2200109Ia 4500
100 ## - MAIN ENTRY--AUTHOR NAME
Personal name Michael J.Cunningham
245 #0 - TITLE STATEMENT
Title Customer Relationship Management
260 ## - PUBLICATION, DISTRIBUTION, ETC. (IMPRINT)
Place of publication USA
Name of publisher Oxford
Year of publication 2003
300 ## - PHYSICAL DESCRIPTION
Number of Pages 607
942 ## - ADDED ENTRY ELEMENTS (KOHA)
Koha item type Books
Holdings
Withdrawn status Lost status Collection code Permanent Location Current Location Shelving location Date acquired Full call number Accession Number Koha item type
    Management MAJU MAJU   2019-09-14 519.5 4844 Management

Powered by Koha